000 00837nas a2200277 4500
001 BR2019001368
003 BR-BrBNA
005 20231205131913.0
007 ta
008 230509b bl.|||p| |||| 00| 00por d
040 _aBR-BrBNA
_bpor
_cBiblioteca Nacional de Agricultura
041 _a(Pt)
072 _aH10
100 1 _aAbreu, J.M.
100 1 _aSilva, P.
245 1 _aControle das formigas cortadeiras Atta cephalotes e Atta sexdens, na região cacaueira da Bahia
650 _aPRAGA DE PLANTA
650 _aFORMIGA
650 _aSAÚVA
650 _aCONTROLE QUÍMICO
650 _aFORMICIDA
773 0 _tRevista Theobroma (Brazil)
_xISSN 0370-7962
_g(Jul-Sep 1973), v. 3(3) p. 3-11
_wBR2019001368
856 4 0 _dLink DSPACE/MAPA BR2019001368
909 _a202311
_bLúcia
_c55
_dLúcia Elande
942 _2AGRIS
_n0
_cANA
999 _c257386
_d257386